000 01256cam a2200217 4500
001 L129547
008 050428n2005 000 0 eng u
035 _a(Sirsi) u129547
041 _aeng
050 _a333.72
_c18
110 _aOffice of Government Commerce
_93987
245 _aAchieving excellence in construction
_bprocurement guide 11 - sustainability
260 _aLondon
_bOGC
_c2005
490 _aOGC Achieving Excellence in Construction Procurement Guidance
_v11
520 _aOutlines the processes by which the public sector client can procure and deliver construction projects that encourage sustainable development while still achieving optimum whole life value for money. Covers the sustainable development issues that should be considered at each key decision making stage and aims to help clients identify the standards they require in their projects.
590 _aIKA290405
690 _aProcurement
_96260
690 _aBUILT ENVIRONMENT-SUSTAINABLE CONSTRUCTION
856 _uhttps://www.dfpni.gov.uk/index/procurement-2/cpd/cpd-policy-and-legislation/cpd-sustainability/content_-_cpd_achieving_sustainability_in_construction_procurement/cp0016aeguide11.pdf
_zView this item free of charge at www.dfpni.gov.uk...
942 _n0
999 _c104226
_d104226